logo

Bir Sreshtho Munshi Abdur Rouf Library
Jhenaidah Cadet College

১৮৫৭ এবং তারপর / (Record no. 1089)

MARC details
000 -LEADER
fixed length control field 00704nam a2200229 a 4500
001 - CONTROL NUMBER
JCCL Control Number 1089
003 - CONTROL NUMBER IDENTIFIER
JCCL marc code BD-JhCC
005 - DATE AND TIME OF LATEST TRANSACTION
control field 20171022130722.0
008 - FIXED-LENGTH DATA ELEMENTS--GENERAL INFORMATION
fixed length control field 171014s2008 b ||||| |||| 00| 0 b d
020 ## - INTERNATIONAL STANDARD BOOK NUMBER
International Standard Book Number 9848684808
035 ## - SYSTEM CONTROL NUMBER
system control number (BD-JhCC)1089
040 ## - CATALOGING SOURCE
Original cataloging agency BD-JhCC
Modifying agency BD-JhCC
041 ## - LANGUAGE CODE
Language code of Book ben
082 ## - DEWEY DECIMAL CLASSIFICATION NUMBER
DDC Edition number 23
Classification number 954.92
Author mark and Year CHA 2008
100 ## - MAIN ENTRY--PERSONAL NAME
Personal name চৌধুরী, ইসলাম, সিরাজুল
245 ## - TITLE STATEMENT
Title ১৮৫৭ এবং তারপর /
Statement of responsibility, etc সিরাজুল ইসলাম চৌধুরী
260 ## - PUBLICATION, DISTRIBUTION, ETC. (IMPRINT)
Place of publication, distribution, etc ঢাকা :
Name of publisher, distributor, etc অন্যপ্রকাশ,
Date of publication, distribution, etc ২০০৮
300 ## - PHYSICAL DESCRIPTION
Pagination 159 p. :
Dimensions 22cm.
650 ## - SUBJECT ADDED ENTRY--TOPICAL TERM
Topical term or geographic name as entry element History
General subdivision Bangladesh
942 ## - ADDED ENTRY ELEMENTS (KOHA)
Source of classification or shelving scheme Dewey Decimal Classification
Koha item type Books
Holdings
Source of classification or shelving scheme Damaged status Not for loan Home library Current library Shelving location Date of accession Cost, normal purchase price Total Checkouts Full call number Barcode Date last seen Copy number Koha item type Date checked out
Dewey Decimal Classification     JCC Rouf Library JCC Rouf Library General Stacks 10/22/2017 200.00   954.92 CHA 2008 2049 10/14/2017 C-1 Books  
Dewey Decimal Classification     JCC Rouf Library JCC Rouf Library   10/21/2017 200.00 1 954.92 CHA 2008 2765 05/21/2024 C-2 Books 05/19/2024

JCC Library | Contacts | JCC Home

Last Update on 23 September 2017
Copyright @ 2017-2020 JCC Rouf Library
Rouf Library, Jhenidah Cadet College (JCC), Bangladesh